000 00528nmm a2200193Ia 4500
008 251105s9999||||xx |||||||||||||||||und||
020 _a9788433970114
041 _aspa
100 _aRovira, Gemma
245 0 _aTwelve
264 _a[Madrid, España] :
_bEditorial Anagrama,
_c2010
300 _a256 páginas
490 _aPanorama de narrativas
650 _aNorth American narrative
700 _aRovira, Gemma
700 1 _a McDonell, Nick
856 _uhttps://public.digitaliapublishing.com/a/32755
942 _cCF
999 _c70795
_d70795